Promyslennyje peci

Uložené v:
Podrobná bibliografia
Hlavný autor: Kazancev, J.I (Author)
Médium: Kniha
Jazyk:Russian
Vydané: 1964
Tagy: Pridať tag
Žiadne tagy, Buďte prvý kto otaguje tento záznam!

MARC

LEADER 00000nam a2200000 a 4500
001 000148639
005 00000000000000.0
008 040101s1964 e ruso
041 0 |a rus 
100 1 |a Kazancev, J.I.  |4 aut 
245 1 0 |a Promyslennyje peci 
260 |c 1964 
500 |a Záznam neprešiel kontrolou 
910 |a svkkk 
998 |a BK 
090 |g SCKHL  |k Sklad Pribinova 3. posch.  |a V0.3592  |j 020210  |i 148639-10  |4 Zastaraná  |s Vyradená